Evaluating the Economic Efficiency of Public Transport Companies Using Additive Approach

Hlavným cieľom príspevku je zhodnotiť produktívnu efektivitu vybraných dopravných podnikov MHD pôsobiacich v prímestskej autobusovej doprave na Slovensku resp. v Českej republike.

Salvato in:
Dettagli Bibliografici
Autore principale: Domeny, Igor
Natura: Capitolo di libro
Lingua:inglese
Soggetti:
Tags: Aggiungi Tag
Nessun Tag, puoi essere il primo ad aggiungerne!!

MARC

LEADER 00000naa a2200000 4500
001 0303125
005 20240719104607.1
041 0 |a eng 
044 |a SK 
245 1 0 |a Evaluating the Economic Efficiency of Public Transport Companies Using Additive Approach  |c Igor Domeny 
520 |a Hlavným cieľom príspevku je zhodnotiť produktívnu efektivitu vybraných dopravných podnikov MHD pôsobiacich v prímestskej autobusovej doprave na Slovensku resp. v Českej republike. 
610 2 0 |a efektívnosť ekonomická 
610 2 0 |a doprava verejná 
610 2 0 |a analýza obaľovania dát 
610 2 0 |a prostriedky dopravné 
100 1 |a Domeny, Igor